书目信息 |
| 题名: |
可编程序计算器的使用与维修
|
|
| 作者: | 刘葆锴 编著 | |
| 分册: | ||
| 出版信息: | 北京 人民邮电出版社 1984 |
|
| 页数: | 438页 | |
| 开本: | 19cm | |
| 丛书名: | ||
| 单 册: | ||
| 中图分类: | TP320.7 | |
| 科图分类: | ||
| 主题词: | 计算器 , 电子计算机--一般计算器和计算机 | |
| 电子资源: | ||
| ISBN: | ||
| 000 | 00623nam0 2200217 45 | |
| 001 | 0311281080 | |
| 005 | 20060720103114.64 | |
| 010 | @dCNY1.80 | |
| 091 | @a15045 | |
| 100 | @a20031128d1984 km y0chiy0120 ea | |
| 101 | 0 | @achi |
| 105 | @aa z 000yy | |
| 200 | 1 | @a可编程序计算器的使用与维修@AKe Bian Cheng Xu Ji Suan Qi De Shi Yong Yu Wei Xiu@f刘葆锴编著@FLiu Bao Kai Bian Zhu |
| 210 | @a北京@c人民邮电出版社@d1984 | |
| 215 | @a438页@c插图@d19cm | |
| 606 | 0 | @a计算器 |
| 606 | 0 | @a电子计算机@x一般计算器和计算机 |
| 690 | @aTP320.7@v3 | |
| 701 | 0 | @a刘葆锴@4编著 |
| 801 | @aCN@bTSTC@c20060720 | |
| 905 | @dTP320.7@e32 | |
| 可编程序计算器的使用与维修/刘葆锴编著.-北京:人民邮电出版社,1984 |
| 438页:插图;19cm |
| ISBN :CNY1.80 |
| ● |
| 相关链接 |
|
|
|
|
正题名:可编程序计算器的使用与维修
索取号:TP320.7/32
 
预约/预借
| 序号 | 登录号 | 条形码 | 馆藏地/架位号 | 状态 | 备注 |
| 1 | 0125490 | 202371272 | 密集书库/ [索取号:TP320.7/32] | 在馆 | |
| 2 | 0125491 | 202371263 | 密集书库/ [索取号:TP320.7/32] | 在馆 | |
| 3 | 0125492 | 001634565 | 密集书库/ [索取号:TP320.7/32] | 在馆 | |
| 4 | 0125493 | 001636670 | 密集书库/ [索取号:TP320.7/32] | 在馆 | |
| 5 | 0125494 | 202371307 | 密集书库/ [索取号:TP320.7/32] | 在馆 | |
| 6 | 0125495 | 001636689 | 密集书库/ [索取号:TP320.7/32] | 在馆 | |
| 7 | 0125496 | 202371405 | 密集书库/ [索取号:TP320.7/32] | 在馆 | |
| 8 | 0125497 | 001636796 | 密集书库/ [索取号:TP320.7/32] | 在馆 | |
| 9 | 0125498 | 202371370 | 密集书库/ [索取号:TP320.7/32] | 在馆 | |
| 10 | 0125499 | 202127769 | 第二样本阅览室/ [索取号:TP320.7/32] | 在馆 | |
| 11 | 0437741 | 204377414 | 密集书库/ [索取号:TP320.7/32] | 在馆 |